[Event "Carpuela CupT U20 6th"]
[Site "Carpuela"]
[Date "2015.06.04"]
[Round "5.3"]
[White "Guevara Silva, Rodger"]
[Black "Escobar, Lauro"]
[Result "0-1"]
[WhiteElo "1711"]
[BlackElo "1619"]
[PlyCount "52"]
[EventDate "2015.06.01"]
[EventType "team-swiss"]
[EventRounds "7"]
[EventCountry "ECU"]
[SourceTitle "CBM 166 Extra"]
[Source "ChessBase"]
[SourceDate "2015.06.18"]
[SourceVersion "1"]
[SourceVersionDate "2015.06.18"]
[SourceQuality "1"]
[WhiteTeam "Guayas"]
[BlackTeam "Pichincha"]
[WhiteTeamCountry "ECU"]
[BlackTeamCountry "ECU"]

1. d4 Nf6 2. Nf3 c5 3. d5 b5 4. Bg5 Qa5+ 5. c3 Ne4 6. Nbd2 Nxg5 7. Nxg5 g6 8. a4 Bg7 9. e4 bxa4 10. Rxa4 Qc7 11. Qf3 0-0 12. Bc4 d6 13. Qg3 h6 14. Ngf3 Nd7 15. 0-0 Nf6 16. Nh4 g5 17. Nf5 Bxf5 18. exf5 Qd7 19. Rfa1 Rfb8 20. Qd3 Rxb2 21. f3 Qb7 22. R4a3 Nd7 23. Ba6 Qb8 24. Rb1 Ne5 25. Rxb2 Qxb2 26. Nc4 Nxc4 0-1

[Event "Carpuela CupT U20 6th"]
[Site "Carpuela"]
[Date "2015.06.02"]
[Round "3.3"]
[White "Macias Jimenez, Walter"]
[Black "Guevara Silva, Rodger"]
[Result "0-1"]
[WhiteElo "1427"]
[BlackElo "1711"]
[PlyCount "22"]
[EventDate "2015.06.01"]
[EventType "team-swiss"]
[EventRounds "7"]
[EventCountry "ECU"]
[SourceTitle "CBM 166 Extra"]
[Source "ChessBase"]
[SourceDate "2015.06.18"]
[SourceVersion "1"]
[SourceVersionDate "2015.06.18"]
[SourceQuality "1"]
[WhiteTeam "Cotopaxi"]
[BlackTeam "Guayas"]
[WhiteTeamCountry "ECU"]
[BlackTeamCountry "ECU"]

1. e4 c5 2. Nf3 Nc6 3. d4 cxd4 4. Nxd4 Nf6 5. Nc3 e5 6. Nf3 Bb4 7. Bd2 Bxc3 8. Bxc3 Nxe4 9. Bxe5 Qa5+ 10. Bc3 Nxc3 11. bxc3 Qxc3+ 0-1